000 00532nam a2200181Ia 4500
008 180921t2017 xxu||||| |||| 00| 0 sin d
041 _asin
080 _a8C3
_b(Youth)
100 _aNosov, Nicolai
245 _aදැත්තාගෙයි යාඵවන්ගෙයි හපන්කම් -1
246 _aDatthagei Yaluwangei Hapankam -1
260 _bKurulu poth
_aRajagiriya
_c2017
300 _a21cm, 136p
700 _aD.p. Kuruppu
_etr.
942 _cBK
999 _c11248
_d11248
003 LK-CoDNM
040 _aLK-CoDNM
_dLK-CoDNM
_eLK-CoDNM